MARC

LEADER 00000nam0a2200000 4500
001 292927
005 20231102000538.0
035 |a (RuTPU)RU\TPU\book\317620 
035 |a RU\TPU\book\311157 
090 |a 292927 
100 |a 20150427d1965 m y0rusy50 ca 
101 0 |a rus 
102 |a RU 
105 |a a j 001zy 
200 1 |a Гидрометрия  |e учебник для университетов  |f В. Д. Быков, А. В. Васильев 
205 |a 2-е изд., перераб. и доп. 
210 |a Ленинград  |c Гидрометеоиздат  |d 1965 
215 |a 499 с.  |c ил. 
320 |a Библиогр.: с. 481-484. 
606 1 |a Гидрометрия  |2 stltpush  |3 (RuTPU)RU\TPU\subj\6764  |9 34568 
610 1 |a гидрометрические наблюдения 
610 1 |a вода 
610 1 |a уровень 
610 1 |a глубины 
610 1 |a измерение 
610 1 |a течение 
610 1 |a скорость 
610 1 |a расход 
610 1 |a сток 
610 1 |a донные отложения 
610 1 |a гидрологические наблюдения 
610 1 |a автоматизация 
610 1 |a учебники 
675 |a 556.08(075.8)  |v 3 
700 1 |a Быков  |b В. Д.  |g Василий Дмитриевич 
701 1 |a Васильев  |b А. В.  |g Андрей Васильевич 
801 1 |a RU  |b 63413507  |c 20150310 
801 2 |a RU  |b 63413507  |c 20220603  |g RCR 
942 |c BK